Nação crioula (Registo nº 243)

Detalhes MARC
000 -Etiqueta do registo
Cabeçalho 01174nam0a2200265 4500
005 - Identificador da versão
Campo de controlo 20240821130216.0
010 ## - Número internacional normalizado dos livros (ISBN)
Número (ISBN) 8497891228
021 ## - Número do Depósito Legal
Código do país ES
Número B.42173-2003
100 ## - Dados gerais de processamento
Dados gerais de processamento 20150813d2003 a e0pory5003 ba
101 0# - Língua de publicação
Língua do texto, banda sonora, etc. Português
102 ## - Pais de publicação ou produção
País de publicação Portugal
200 1# - Titulo e menção de responsabilidade
Título próprio Nação crioula
Informação de outro título a correspondência secreta de Fradique Mendes
Primeira menção de responsabilidade José Eduardo Agualusa
210 ## - Publicação, Distribuição, etc. 
Lugar da edição, distribuição, etc. Porto
Nome do editor, distribuidor, etc. Público Comunicação Social
Data da publicação, distribuição, etc. cop. 2003
215 ## - Descrição física 
Indicação específica da natureza do documento e extensão da espécie 153, [3] p
225 2# - Colecção 
Título próprio da colecção Mil folhas
Indicação de volume 78
314 ## - Notas relativas a responsabilidade intelectual 
Texto da nota Fradique Mendes é um heterônimo coletivo criado pelo grupo Cenáculo - uma tertúlia literária e política formada na casa de Jaime Batalha Reis, no Bairro Alto de Lisboa, e frequentada por Antero de Quental, Eça de Queirós, Salomão Sáragga, Manuel Arriaga, Guerra Junqueiro, Teófilo Braga e Ramalho Ortigão, entre outros
606 ## - Nome comum usado como assunto
Número de registo de entrada de autoridade 0002005
Palavra de ordem Literatura portuguesa
Subdivisão de assunto Romance
Código do sistema CA
Número de registo de entrada de autoridade 0002444
Palavra de ordem Literatura portuguesa
Subdivisão de assunto Epistolografia
Código do sistema CA
Número de registo de entrada de autoridade 0002675
Palavra de ordem Literatura portuguesa
Subdivisão de assunto Correspondência
Código do sistema CA
700 #1 - Nome de autor-pessoa física (responsabilidade principal)
Número de registo de entrada de autoridade 0002445
Palavra de ordem Mendes
Outra parte do nome não tomada para palavra de ordem Fradique
Elementos de identificação ou distinção heterónimo
702 #1 - Nome de autor-pessoa física (responsabilidade secundária)
Número de registo de entrada de autoridade 0001942
Palavra de ordem Agualusa
Outra parte do nome não tomada para palavra de ordem José Eduardo
Datas 1960-
Código de função Compilador
942 ## - Elementos de entrada adicionados (Koha)
Tipo de item no Koha Livro
966 ## - Identificação da Biblioteca
Sigla EB2,3ENM
Exemplares
Situação do levantamento Origin of item (home branch) (coded) Biblioteca de empréstimo Código de barras Cota Circulation type (not for loan) Tipo de documento Nota do exemplar Damaged status
  Biblioteca Escolar Eng. Nuno Mergulhão Biblioteca Escolar Eng. Nuno Mergulhão BENM900 82LP-3 MEN   Livro Sem mensagem